Catálogo
 En Linea

Memoria que al honorable señor Presidente de la República Generalísimo Doctor Rafael Leónidas Trujillo Molina, presenta al mayor general José García M. M. secretario de Estado de Interior y Policia, Guerra y Marina : (Registro nro. 31846)

Detalles MARC
000 -CABECERA
campo de control de longitud fija 00751nam a2200145 a 4500
001 - NÚMERO DE CONTROL
campo de control 000032355
005 - FECHA Y HORA DE LA ÚLTIMA TRANSACCIÓN
campo de control 20200930065610.0
008 - DATOS DE LONGITUD FIJA--INFORMACIÓN GENERAL
campo de control de longitud fija 110324s1925 dr a 000 0 spa d
040 ## - FUENTE DE LA CATALOGACIÓN
Centro catalogador/agencia de origen DO-SdBNP
Lengua de catalogación spa
Centro/agencia transcriptor BNPHU
082 ## - NÚMERO DE LA CLASIFICACIÓN DECIMAL DEWEY
Número de clasificación xxx
Número de documento/Ítem R426m
110 1# - ENTRADA PRINCIPAL--NOMBRE DE ENTIDAD CORPORATIVA
Nombre de entidad corporativa o nombre de jurisdicción como elemento de entrada República Dominicana
Unidad subordinada Secretaría de Estado de Interior y Policia y Marina de Guerra
9 (RLIN) 58351
245 10 - MENCIÓN DE TÍTULO
Título Memoria que al honorable señor Presidente de la República Generalísimo Doctor Rafael Leónidas Trujillo Molina, presenta al mayor general José García M. M. secretario de Estado de Interior y Policia, Guerra y Marina :
Resto del título Relativa a las labores realizadas por el departamento a su cargo durante el año 1934.
260 ## - PUBLICACIÓN, DISTRIBUCIÓN, ETC.
Lugar de publicación, distribución, etc. Santo Domingo :
Nombre del editor, distribuidor, etc. La Nación,
Fecha de publicación, distribución, etc. 1925.
300 ## - DESCRIPCIÓN FÍSICA
Extensión 723 p. :
Otras características físicas il. ;
Dimensiones 24 cm.
Existencias
Estado de retiro Estado de pérdida Restricciones de uso No para préstamo Código de colección Localización permanente Ubicación/localización actual Ubicación en estantería Fecha de adquisición Número de inventario Total de préstamos Signatura topográfica completa Código de barras Fecha visto por última vez Precio válido a partir de Tipo de ítem Koha Nota pública
      Excluido de préstamo Raros y valiosos Patrimonio Dominicano Patrimonio Dominicano En catalogación 14.07.2011 LF1   xxx R426m 32355-10 25.06.2020 25.06.2020 No se presta Perteneció a la biblioteca personal de Julio Ortega Frier.

Con tecnología Koha